Κώδηξ της Ελληνικής Σχολής Αγίας Παρασκευής

Saved in:
Bibliographic Details
Format: Book
Language:Greek
Published: Αγία Παρασκευή : Δήμος Αγίας Παρασκευής Λέσβου, 2006.
Subjects:
Tags: Add Tag
No Tags, Be the first to tag this record!

MARC

LEADER 00000cam a2200000 a 4500
001 1/121313
008 200506s2006####gr a|||||| |||||| ||gre||
020 |a 9789608908017 
040 |a GR-MyUa  |b gre  |c GR-MyUa  |e AACR2 
041 0 |a gre 
082 7 |a 938.974  |2 (23) 
245 0 0 |a Κώδηξ της Ελληνικής Σχολής Αγίας Παρασκευής /   |c Δήμος Αγίας Παρασκευής.  
260 |a Αγία Παρασκευή :   |b Δήμος Αγίας Παρασκευής Λέσβου,   |c 2006.  
300 |a 372 σ. :   |b εικ. ;   |c 28 εκ.  
500 |a Τη γενική επιμέλεια της έκδοσης είχε ο συγγραφέας και δήμαρχος Χριστόφας Χατζηγιάννης.  
650 0 |a Education  |z Greece  |z Lesbos Island  |x History. 
651 0 |a Agia Paraskevi (Lesbos Island, Greece)  |x History. 
852 |a INST  |b LESVOS  |e 20200506  |h 938.974 ΚΩΔ  |p 005100062467  |q 005100062467  |t BK  |y 0 
920 |a Δήμος Αγίας Παρασκευής Λέσβου  |y Λέσβος  |z 2009-07 
970 |a Καμάτσου  |b Δέσποινα  |z 06-05-2020